| 000 | 00601nam a2200193 a 4500 | ||
|---|---|---|---|
| 003 | OSt | ||
| 005 | 20260319121717.0 | ||
| 008 | 260319b |||||||| |||| 00| 0 eng d | ||
| 020 | _a9789403668789 | ||
| 040 |
_aDLC _beng _cDLC _diCATSUC |
||
| 050 |
_aBC177 _b.V58 2023 |
||
| 100 |
_aVlerick, Michael, _eauthor. |
||
| 245 |
_aCritical & scientific thinking : _ba short introduction / _cMichael Vlerick. |
||
| 260 |
_aUSA : _bOpen Press Tillburg University, _c2023. |
||
| 300 |
_a120 p. : _c24 cm. |
||
| 504 | _aIncludes bibliographical references. | ||
| 650 | _aCritical thinking. | ||
| 942 |
_2lcc _cBOOKS _n0 |
||
| 999 |
_c2643 _d2643 |
||